| 000 | 00000nam##2200000za#4500 |
| 001 | 9.601998 |
| 003 | CaOODSP |
| 005 | 20210624210338 |
| 007 | cr ||||||||||| |
| 008 | 150406|2002||||xxc|||||o f|0| 0 fre|d |
| 040 | |aCaOODSP|bfre |
| 043 | |an-cn--- |
| 086 | 1 |aEn40-222/11-2002F-PDF |
| 110 | 2 |aService canadien de la faune. |
| 245 | 10|aLes terres humides côtières des Grands Lacs : |h[ressource électronique]|bles sciences et la conservation |
| 260 | |aDownsview - Ontario : |bEnvironnement Canada. |cc2002. |
| 300 | |a12p.|bfigures en couleur, ill. en couleur, graphique, cartes (certaines en couleur), références, tableaux, photographies |
| 490 | 1 |aFiche d'information sur les Grands Lacs |
| 500 | |aLe n° de catalogue (En40-222/11-2002F) et l'ISBN (0-662-86720-3) de l'édition imprimée ont été incorrectement copiés dans l'édition électronique. |
| 590 | |a11-14-Supp|b2011-08-12 |
| 775 | 08|tGreat Lakes coastal wetlands : |w(CaOODSP)9.571384 |
| 776 | 0#|tLes terres humides côtières des Grands Lacs - les sciences et la conservation |w(CaOODSP)9.625882 |
| 830 | #0|aFiche d'information sur les Grands Lacs.|w(CaOODSP)9.501131 |
| 856 | 40|ahttp://publications.gc.ca|qPDF|s1.74 Mo|uhttps://publications.gc.ca/collections/Collection/En40-222-11-2002F.pdf |